| 000 | 02902ngm a22005772i 4500 | ||
|---|---|---|---|
| 001 | sky303204909 | ||
| 003 | SKY | ||
| 005 | 20210423143309.0 | ||
| 007 | vd cvaizs | ||
| 008 | 210309s2021 nyu089 e vleng d | ||
| 010 | _abe2021007239 | ||
| 019 | _asky303175261 | ||
| 020 |
_a9786318468879 _q(DVD) |
||
| 020 |
_a6318468870 _q(DVD) |
||
| 024 | 1 | _a814838016412 | |
| 028 | 4 | 2 |
_aSM801637 _bScreen Media |
| 040 | _dSKYRV | ||
| 050 | 1 | 4 |
_aPN1997.2 _b.W55 2021 |
| 082 | 0 | 4 |
_a791.43/72 _223 |
| 245 | 0 | 0 |
_aWilly's Wonderland _h[videorecording] / _cproduced by Nicolas Cage, Grant Cramer, Bryan Lord, Mike Nilon, Jeremy Daniel Davis, David Ozer ; written by G.O. Parsons ; directed by Kevin Lewis. |
| 264 | 1 |
_a[New York] : _bScreen Media, _c[2021] |
|
| 300 |
_a1 videodisc (89 minutes) : _bsound, color ; _c4 3/4 in |
||
| 344 |
_adigital _boptical _2rda _gunknown _hunknown |
||
| 346 |
_bNTSC _2rda |
||
| 347 |
_avideo file _eregion 1 _2rda _bDVD video |
||
| 380 |
_aMotion pictures _2lcgft |
||
| 500 | _aWide screen | ||
| 500 | _aBonus features: Inside the fun: The Making of WIlly's Wonderland -- Set tour with Christian Del Grosso -- Colorful Darkness and the Demon-Atrons: The Production Design of WIlliy's Wonderland -- Fresh Meat (The Cast) -- DVD exclusive! -- Character and production design artwork galleries. | ||
| 508 | _aDirector, Kevin Lewis. | ||
| 511 | 1 | _aNicolas Cage, Emily Tosta, Beth Grant, Chris Schmidt Jr.. | |
| 520 | _aA quiet loner finds himself stranded in a remote town when his car breaks down. Unable to pay for the repairs he needs, he agrees to spend the night cleaning Willy’s Wonderland, an abandoned family fun center. But this wonderland has a dark secret that the ‘The Janitor’ is about to discover. He soon finds himself trapped inside Willy's and locked in an epic battle with the possessed animatronic mascots that roam the halls. To survive, he must fight his way through each of them. | ||
| 521 | 8 | _aMPAA rating: Not rated. | |
| 538 | _aDVD; 5.1 surround sound, 2.0 stereo; 2.35 anamorphic wide screen; NTSC, region 1. | ||
| 546 | _aEnglish audio; English closed captioned. | ||
| 650 | 0 |
_aJanitors _vDrama. _95721983 |
|
| 650 | 0 |
_aHaunted places _vDrama. _95772012 |
|
| 650 | 0 |
_aAmusement parks _vDrama. _95736343 |
|
| 650 | 0 | _aDVDs. | |
| 650 | 7 |
_aAmusement parks. _2fast _0(OCoLC)fst00808076 |
|
| 650 | 7 |
_aHaunted places. _2fast _0(OCoLC)fst00951930 |
|
| 655 | 7 |
_aFeature films. _2lcgft |
|
| 655 | 7 |
_aAction and adventure films. _2lcgft |
|
| 655 | 7 |
_aComedy films. _2lcgft |
|
| 655 | 7 |
_aHorror films. _2lcgft |
|
| 655 | 7 |
_aVideo recordings for the hearing impaired. _2lcgft |
|
| 700 | 1 |
_aLewis, Kevin, _efilm director. _947494 |
|
| 700 | 1 |
_aCage, Nicolas, _eactor. _95929673 |
|
| 700 | 1 |
_aTosta, Emily, _eactor. _96414795 |
|
| 700 | 1 |
_aGrant, Beth, _eactor. _96414796 |
|
| 700 | 1 |
_aSchmidt Jr., Chris, _eactor. _96414797 |
|
| 999 |
_c360767 _d360767 |
||